KOHA-Header-6

Doing IT Right (Record no. 8480)

000 -LEADER
fixed length control field 00246nam a2200109Ia 4500
100 ## - MAIN ENTRY--AUTHOR NAME
Personal name Harold Lorin
245 #0 - TITLE STATEMENT
Title Doing IT Right
260 ## - PUBLICATION, DISTRIBUTION, ETC. (IMPRINT)
Place of publication London
Name of publisher Addison
Year of publication 2000
300 ## - PHYSICAL DESCRIPTION
Number of Pages 241
942 ## - ADDED ENTRY ELEMENTS (KOHA)
Koha item type Books
Holdings
Withdrawn status Lost status Collection code Permanent Location Current Location Shelving location Date acquired Full call number Accession Number Koha item type
    Computer Science MAJU MAJU Shelf No.A33 2019-09-14 346.7 3212 Computer Science

Powered by Koha